In welchem Land finde ich diese Stadt 3 - Statistiken

Allgemein
  • Dieses Quiz wurde 44 mal gespielt
  • Das Durchschnittsergebnis liegt bei 10 aus 15
Antwortstatistiken
Frage Antwort % Korrekt
In welchem Land finde ich die Stadt Adelaide? Australien
93%
In welchem Land finde ich die Stadt Haifa? Israel
85%
In welchem Land finde ich die Stadt Debrecen? Ungarn
80%
In welchem Land finde ich die Stadt Lörrach? Deutschland
78%
In welchem Land finde ich die Stadt Medellin ? Kolumbien
78%
In welchem Land finde ich die Stadt Zwolle Niederlanden
75%
In welchem Land finde ich die Stadt Erbil? Irak
73%
In welchem Land finde ich die Stadt Bengasi? Libyen
70%
In welchem Land finde ich die Stadt Bandung? Indonesien
68%
In welchem Land finde ich die Stadt Anchorage? USA
65%
In welchem Land finde ich die Stadt Burgos? Spanien
55%
In welchem Land finde ich die Stadt Grindavik? Island
53%
In welchem Land finde ich die Stadt Hermosillo? Mexiko
50%
In welchem Land finde ich die Stadt Rajkot? Indien
45%
In welchem Land finde ich die Stadt Sendai? Japan
35%
Keine übereinstimmenden Quizze gefunden
Verteilung der Resultate
Anzahl Personen mit jedem Resultat
Perzentil nach korrekt beantworteten Fragen
Ihre Resultats-Entwicklung
Sie haben dieses Quiz noch nicht gespielt